Social structure and mobility in economic development (Record no. 17895)

MARC details
000 -LEADER
fixed length control field 00367nam a2200109 4500
082 ## - DEWEY DECIMAL CLASSIFICATION NUMBER
Classification number 301.44044
Item number SME
245 ## - TITLE STATEMENT
Title Social structure and mobility in economic development
Statement of responsibility, etc. edited by Neil J Smelser and Seymour Martin Lipset
260 ## - PUBLICATION, DISTRIBUTION, ETC.
Place of publication, distribution, etc. London
Name of publisher, distributor, etc. Routledge & Kegan Paul
Date of publication, distribution, etc. 1966
300 ## - PHYSICAL DESCRIPTION
Extent ix, 309p.; 24cm.
710 ## - ADDED ENTRY--CORPORATE NAME
Corporate name or jurisdiction name as entry element Smelser, Neil J.
710 ## - ADDED ENTRY--CORPORATE NAME
Corporate name or jurisdiction name as entry element Lipset, Seymour Martin
Holdings
Withdrawn status Lost status Damaged status Not for loan Collection code Home library Current library Date acquired Total Checkouts Full call number Barcode Date last seen Date last checked out Price effective from Koha item type Copy number
          North Eastern Hill University North Eastern Hill University 24/11/2011 1 301.44044 SME 86848 12/05/2014 12/05/2014 24/11/2011 Books  
        ECONOMICS North Eastern Hill University North Eastern Hill University 24/11/2011   301.44044 SME 31818 06/06/2014   24/11/2011 Books ;1